Studying the novel / (Record no. 26890)
[ view plain ]
| 000 -LEADER | |
|---|---|
| fixed length control field | 01620cam a22003375i 4500 |
| 001 - CONTROL NUMBER | |
| control field | 19066120 |
| 003 - CONTROL NUMBER IDENTIFIER | |
| control field | EG-ScBUE |
| 005 - DATE AND TIME OF LATEST TRANSACTION | |
| control field | 20200108111919.0 |
| 008 - FIXED-LENGTH DATA ELEMENTS--GENERAL INFORMATION | |
| fixed length control field | 160425s2017 enk f bd 001 0 eng d |
| 020 ## - INTERNATIONAL STANDARD BOOK NUMBER | |
| International Standard Book Number | 9781472575111 |
| 040 ## - CATALOGING SOURCE | |
| Original cataloging agency | DLC |
| Language of cataloging | eng |
| Description conventions | rda |
| Transcribing agency | DLC |
| Modifying agency | DLC |
| -- | EG-ScBUE |
| -- | EG-ScBUE |
| 082 04 - DEWEY DECIMAL CLASSIFICATION NUMBER | |
| Classification number | 808.3 |
| Item number | HAW |
| Edition number | 22 |
| 100 1# - MAIN ENTRY--PERSONAL NAME | |
| Personal name | Hawthorn, Jeremy, |
| Relator term | author. |
| 9 (RLIN) | 41827 |
| 245 10 - TITLE STATEMENT | |
| Title | Studying the novel / |
| Statement of responsibility, etc | Jeremy Hawthorn. |
| 250 ## - EDITION STATEMENT | |
| Edition statement | Seventh edition. |
| 264 ## - PUBLICATION, DISTRIBUTION, ETC. (IMPRINT) | |
| Place of publication, distribution, etc | London ; |
| -- | New York : |
| Name of publisher, distributor, etc | Bloomsbury Academic / Bloomsbury Publishing, |
| Date of publication, distribution, etc | 2017. |
| 300 ## - PHYSICAL DESCRIPTION | |
| Extent | vii, 312 pages ; |
| Dimensions | 24 cm. |
| 336 ## - CONTENT TYPE | |
| Content type term | text |
| Content type code | txt |
| Source | rdacontent |
| 337 ## - MEDIA TYPE | |
| Media type term | unmediated |
| Media type code | n |
| Source | rdamedia |
| 338 ## - CARRIER TYPE | |
| Carrier type term | volume |
| Carrier type code | nc |
| Source | rdacarrier |
| 490 0# - SERIES STATEMENT | |
| Series statement | Studying |
| 500 ## - GENERAL NOTE | |
| General note | Includes glossary. |
| 504 ## - BIBLIOGRAPHY, ETC. NOTE | |
| Bibliography, etc | Includes bibliographical references and index. |
| 505 8# - FORMATTED CONTENTS NOTE | |
| Formatted contents note | Machine generated contents note: -- Introduction to the seventh edition -- 1. Fiction and the Novel -- 2. History, Genre, Culture -- 3. Shorter Fiction -- 4. Realism, Modernism, Postmodernism -- 5. Fiction and Electronic Media -- 6. Analysing Fiction -- 7. Studying the Novel -- 8. Versions and Adaptations -- 9. Critical Approaches to Fiction Timeline of the Novel -- Glossary of Terms -- Bibliography -- Index. |
| 520 ## - SUMMARY, ETC. | |
| Summary, etc | "Updated throughout to explore the impact of digital resources, e-reading and growing interest in world literature, this is a comprehensive introduction to the study of the novel in all its forms" |
| 650 #7 - SUBJECT ADDED ENTRY--TOPICAL TERM | |
| Topical term or geographic name as entry element | Fiction |
| General subdivision | History and criticism. |
| Source of heading or term | BUEsh |
| 651 ## - SUBJECT ADDED ENTRY--GEOGRAPHIC NAME | |
| Source of heading or term | BUEsh |
| 653 #7 - INDEX TERM--UNCONTROLLED | |
| Resource For college | Humanities: English |
| Arrived date list | October2018 |
| 655 #7 - INDEX TERM--GENRE/FORM | |
| Form subdivision | Reading book |
| 942 ## - ADDED ENTRY ELEMENTS (KOHA) | |
| Source of classification or shelving scheme | Dewey Decimal Classification |
| Koha item type | Book - Borrowing |
| Withdrawn status | Lost status | Source of classification or shelving scheme | Damaged status | Not for loan | Collection code | Home library | Current library | Shelving location | Date acquired | Source of acquisition | Cost, normal purchase price | Total Checkouts | Full call number | Barcode | Date last seen | Koha item type | Date checked out | Total Renewals |
|---|---|---|---|---|---|---|---|---|---|---|---|---|---|---|---|---|---|---|
| Dewey Decimal Classification | Baccah | Central Library | Central Library | Second Floor | 28/10/2018 | Purchase | 420.00 | 808.3 HAW | 000043638 | 15/07/2025 | NB - Book (Non borrowing) | |||||||
| Dewey Decimal Classification | Baccah | Central Library | Central Library | Second Floor | 28/10/2018 | Purchase | 420.00 | 1 | 808.3 HAW | 000043639 | 15/07/2025 | Book - Borrowing | 27/11/2022 | |||||
| Dewey Decimal Classification | Baccah | Central Library | Central Library | Second Floor | 28/10/2018 | Purchase | 420.00 | 2 | 808.3 HAW | 000043640 | 15/07/2025 | Book - Borrowing | 27/11/2019 | 51 |